ბათუმის შოთა რუსთაველის სახელმწიფო უნივერსიტეტის ბიბლიოთეკა

Munro Kerr's Operative Obstetrics / (ბიბ.ჩანაწერი № 61751)

000 -LEADER
fixed length control field 00755nam a22002177a 4500
005 - DATE AND TIME OF LATEST TRANSACTION
control field 20240426170648.0
008 - FIXED-LENGTH DATA ELEMENTS--GENERAL INFORMATION
fixed length control field 240426s2007 enk||||| |||| 00| 0 eng d
020 ## - INTERNATIONAL STANDARD BOOK NUMBER
International Standard Book Number 9780702027468x
041 ## - LANGUAGE CODE
Language code of text/sound track or separate title eng
080 ## - UNIVERSAL DECIMAL CLASSIFICATION NUMBER
Universal Decimal Classification number 618.3-089 B-29
100 ## - MAIN ENTRY--PERSONAL NAME
Personal name Baskett, Thomas F.
9 (RLIN) 21964
245 ## - TITLE STATEMENT
Title Munro Kerr's Operative Obstetrics /
Statement of responsibility, etc. Thomas F. Baskett, Andrew A. Calder, Sabaratnam Arulkumaran.
250 ## - EDITION STATEMENT
Edition statement 11th Edition
264 ## - PRODUCTION, PUBLICATION, DISTRIBUTION, MANUFACTURE, AND COPYRIGHT NOTICE
Place of production, publication, distribution, manufacture Edinburgh :
Name of producer, publisher, distributor, manufacturer Saunders,
Date of production, publication, distribution, manufacture, or copyright notice 2007.
300 ## - PHYSICAL DESCRIPTION
Extent 342 p.:
Other physical details ill. ;
Dimensions 25 cm.
653 ## - INDEX TERM--UNCONTROLLED
keyword ოპერატიული მეანობა
653 ## - INDEX TERM--UNCONTROLLED
keyword მედიცინა
700 ## - ADDED ENTRY--PERSONAL NAME
Personal name Calder, Andrew A.
Relator term ავტორი
9 (RLIN) 21965
700 ## - ADDED ENTRY--PERSONAL NAME
Personal name Arulkumaran, Sabaratnam
Relator term ავტორი
9 (RLIN) 21966
942 ## - ADDED ENTRY ELEMENTS (KOHA)
Source of classification or shelving scheme
Koha item type წიგნი
ეგზემპლარები
Withdrawn status Lost status Source of classification or shelving scheme Damaged status Not for loan Permanent Location Current Location Shelving location Date acquired Cost, normal purchase price Full call number Barcode Date last seen Copy number Price effective from Koha item type Public note
          ბათუმის შოთა რუსთაველის სახელმწიფო უნივერსიტეტის მთავარი ბიბლიოთეკა ბათუმის შოთა რუსთაველის სახელმწიფო უნივერსიტეტის მთავარი ბიბლიოთეკა წიგნსაცავი 2024-04-26 210.00 618.3-089 B-29 67921 2024-04-26 67921 2024-04-26 წიგნი 210 ლ.